000 00318nam a22001337a 4500
008 170614b xxu||||| |||| 00| 0 eng d
020 _a9780312085841
041 _aeng
080 _a94
100 _a19
101 _ashh
245 _aWORLD SECURITY CHALLENGES FOR A NEW CENTURY
_cKLARE.M.T
942 _2udc
_cBK
999 _c17387
_d17387